Defensa eficaz y control de convencionalidad /

Guardado en:
Autor Principal: Cornejo, Abel
Formato: Libro
Idioma:Spanish
Publicado: Santa Fe : Rubinzal-Culzoni, 2016.
Edición:1a. ed. rev.
Materias:
Etiquetas: Agregar Etiqueta
Sin Etiquetas, Sea el primero en etiquetar este registro!
LEADER 00475nam a22001575a 4500
001 DER.der000303
008 180615s2016####ag#||||||||||||||#||spa||
005 20250623124855.0
245 1 0 |a Defensa eficaz y control de convencionalidad /  |c Abel Cornejo. 
250 |a 1a. ed. rev. 
260 |a Santa Fe :  |b Rubinzal-Culzoni,  |c 2016. 
300 |a 219 p. 
020 |a 9789873006845 
100 1 |a Cornejo, Abel 
650 7 |a DERECHO PROCESAL PENAL 
859 |a DERECHO  |b BIB. DERECHO  |h 345.05  |i COR  |p 009235